| 000 | 004370000a22001690004500 | ||
|---|---|---|---|
| 003 | MACL | ||
| 005 | 20160110115705.0 | ||
| 008 | 160110b xxu||||| |||| 00| 0 eng d | ||
| 040 |
_aMACL _cMACL |
||
| 041 | _aEnglish | ||
| 082 | _a826/ING | ||
| 100 |
_aIngpen, Roger _930751 |
||
| 245 |
_aThe Letters of Percy Bysshe Shelley _bvol 2 |
||
| 260 |
_bG Bell & Sons Ltd _c1914 _aLondon |
||
| 650 |
_aLetters _930752 |
||
| 942 |
_cBK _k826/ING _2ddc |
||
| 999 |
_c39046 _d39046 |
||